000 02322cam a2200253 4500500
005 20251228074159.0
041 _afre
042 _adc
100 1 0 _aBréchignac, Blandine
_eauthor
700 1 0 _aBoboc, Anca
_eauthor
700 1 0 _aOuld-Ferhat, Laurence
_eauthor
245 0 0 _aCorporate coworking : « hacker » le travail ?
260 _c2017.
500 _a11
520 _aRésuméL'apparition d'espaces de coworking, concomitante à la diffusion des technologies de l'information et de la communication, est aujourd'hui observée au sein même des entreprises. Mais quel sens a pour une entreprise la création d'un tiers lieu de travail de ce type ? Sur la base de l'analyse de six projets en Europe, l'article donne un aperçu des motivations des entreprises à se lancer dans le corporate coworking ; il montre que l'ambition de ces projets n'est pas la création d'un espace mais l'évolution de l'organisation dans un contexte de transformation digitale. Il examine également les liens que présentent les projets étudiés avec l'implantation d'une culture digitale dans ces organisations, et présente quelques effets du corporate coworking dans les entreprises concernées.
520 _aCorporate coworking: hacking into the workplace?Coworking spaces have appeared in tandem with the expansion of ICT and have found their way into companies. But why would a company wish to create this type of additional workplace? This article offers a glimpse into the reasoning behind the shift towards corporate coworking. The findings from an analysis of six projects around Europe show that the purpose of each project was not to create a space, but to move the organization forward in a world of digital transformation. The article also examines the links between these projects and the embedding of a digital culture in each organization, and at the same time, highlights some of the consequences of corporate coworking on the project companies.
690 _aCOLLABORATION
690 _aCOWORKING
690 _aDIGITAL
690 _aINNOVATION ORGANISATIONNELLE
690 _aMODES DE TRAVAIL
786 0 _nSociologies pratiques | 34 | 1 | 2017-05-10 | p. 93-101 | 1235-9278
856 4 1 _uhttps://shs.cairn.info/revue-sociologies-pratiques-2017-1-page-93?lang=fr&redirect-ssocas=7080
999 _c1597027
_d1597027